|
|
|
|
| LEADER |
00000nab a2200000 ar4500 |
| 001 |
vtls008769982 |
| 003 |
SK-MaSNL |
| 005 |
20260303061929.0 |
| 008 |
060605c2006 xo zr|n|||||||000 b|slo |
| 015 |
|
|
|a SNBRB2006/06
|2 snkbucl
|
| 040 |
|
|
|a SNKBUCL
|b slo
|c SNKBUCL
|e AACR2
|
| 041 |
0 |
|
|a slo
|
| 044 |
|
|
|a xo
|c SK
|
| 080 |
|
|
|a 327
|x (100)
|x "2006"
|2 2001
|
| 245 |
0 |
0 |
|a Udalosti zahraničnej politiky
|b 12.január 2006 - 16.marec 2006
|
| 648 |
|
7 |
|a 12.január-16.marec 2006
|2 snkbucl
|9 1056896
|
| 650 |
0 |
7 |
|a zahraničná politika
|x chronológia
|2 snkbucl
|9 1056897
|
| 650 |
0 |
7 |
|a udalosti
|2 snkbucl
|9 30129
|
| 773 |
0 |
|
|t Zahraničná politika
|g Roč. X, č. 1 (2006), s. 2
|x 1336-7218
|
| 852 |
|
|
|a SNK
|b KIS3GCP
|
| 999 |
|
|
|c 1737321
|d 1739251
|